El rem de trenta-quatre : de la ficció a la realitat : homenatge a Joaquim Ruyra, presentació de la pel·lícula de la portada del primer rem al Vilar 1934 / [coordinació: Arxiu Municipal de Blanes ; autors del textos: Antoni Reyes i Valent [et al.]] de la ficció a la realitat :
Descripción Física:
52 p. : il. ; 23 cm
Materias:
Ruyra, Joaquim -- Homenatges
MARC
| LEADER | 00000nam a2200000Ia 4500 | ||
|---|---|---|---|
| 001 | 15776 | ||
| 003 | BGR | ||
| 005 | 20260324175653.0 | ||
| 008 | 160829s9999 xx 000 0 cat d | ||
| 080 | |a B-2-40 | ||
| 245 | |a El rem de trenta-quatre : |b de la ficció a la realitat : |b homenatge a Joaquim Ruyra, presentació de la pel·lícula de la portada del primer rem al Vilar 1934 / [coordinació: |b Arxiu Municipal de Blanes ; autors del textos: |b Antoni Reyes i Valent [et al.]] | ||
| 260 | |a Blanes : |b Arxiu Municipal de Blanes, D.L. 2003 | ||
| 300 | |a 52 p. : |b il. ; |c 23 cm | ||
| 590 | |a Bibliografia p. 52 | ||
| 650 | |a Ruyra, Joaquim |x Homenatges |9 37300 | ||
| 710 | 1 | |a Arxiu Municipal de Blanes |9 70483 | |
| 901 | |a Arxiu | ||
| 942 | |n 1 |2 udc |c MON | ||
| 952 | |0 0 |1 0 |4 0 |6 B240 |7 1 |9 47792 |a Arxiu |b Arxiu |d 2016-12-01 |l 0 |o B-2-40 |p 15776 |r 2016-12-01 00:00:00 |w 2016-12-01 |y ARXIU | ||
| 999 | |c 51591 |d 51591 | ||